000 00702nam a22002057a 4500
003 DO-CoUTE
005 20260518135415.0
008 260518b dr ||||| |||| 00| 0 spa d
020 _a9789945639445
040 _aDO-CoUTE
_bspa
_cDO-CoUTE
082 _aRD 861.44M843P
100 1 _aMoreno Jimenes, Domingo
_eAutor
245 1 0 _aEl Poema de la Hija Reintegrada y otros versos /
_cDomingo Moreno Jimenes
260 _aSanto Domingo :
_bInstituto Superior de Formación Docente Salomé Ureña (ISFODOSU),
_c2024
300 _a134 Paginas
_c23cm,
504 _aIncluye referencia bibliográfica e índice.
650 4 _aPoema
700 1 _aDomingo Moreno Jiménez
_eAutor
942 _2ddc
_cBK
999 _c24197
_d24197